000
00313nam a22001457a 4500
008
210303b ||||| |||| 00| 0 eng d
020
_a
9780073519678
041
_a
eng
080
_2
3rd
_a
510
082
_a
510
100
_a
36
101
_a
MAT
245
_a
Math in our World
_c
Sobecki, D
942
_2
udc
_c
BK
999
_c
55665
_d
55665